01216 2200193 4500001002100000005001500021035002000036008004100056245004600097100001900143250000600162260003800168300001200206084001400218082000800232650001000240520076000250990001201010INLIS00000000000103320240527014011 a0010-0524000268240527 1 ind 1 aAngin Timur, Angin Barat /cPearl S. Buck aBuck, Pearl S. a1 aJakarta :bPenerbit Narasi,c2017 a276 hlm a813 PEA a a813 4aFiksi aBuku ini berkisah tentang dua orang wanita, dua budaya, dan pengorbanan yang mereka lakukan demi cinta. Sesuai dengan adat China, Kwei Lan dijodohkan oleh kedua orang tuanya.Ia mengharapkan bisa membangun rumah tangga sesuai adat yang dipegangnya dengan teguh, namun ternyata harapannya tak sesuai dengan kenyataan. Suaminya adalah seorang dokter medis yang tak lagi percaya pada adat istiadat yang baginya tak masuk akal. Namun tak hanya itu masalah yang dihadapi Kwei Ian, kakak kandungnya yang telah lama tinggal di Amerika Serikat memilih untuk menolak perjodohannya, dan memutuskan untuk menikahi seorang wanita asing bernama Maiy. Mary berusaha keras untuk bisa diterima di keluarga suaminya, dan menjadi satu-satunya wanita dalam hidup suaminya. a0744011